• 首页
  • 本馆介绍
  • 公告通知
  • 最新文献
  • 馆藏检索
  • 电子资源
  • 读者导购
  • 参考咨询
  • 我的图书馆
  • 登录
  • 详细信息显示
  • 放入我的书架
  • 预约/预借图书
  • 作者相关作品
  • 分类相关作品
  • 丛书相关作品
  • 出版社相关作品

书目信息

  • 表格格式
  • 工作单格式
  • 卡片格式
题名:
河北人才发展报告
    
 
作者: 康振海 主编
分册: 2018~2019  
出版信息: 北京   社会科学文献出版社·城市和绿色发展分社  2019
页数: 266页
开本: 24cm
丛书名: 皮书系列
单 册:
中图分类: C964.2
科图分类:
主题词: 人才--ren cai--发展战略--研究报告--河北--2018-2019
电子资源:
ISBN: 978-7-5201-4243-4
000 01239oam2 2200301 450
001 2160493931
005 20210926145249.0
010    @a978-7-5201-4243-4@b精装@dCNY128.00
100    @a20190508d2019 em y0chiy50 ea
101 0  @achi@deng@eeng
102    @aCN@b110000
105    @ay z 000yy
106    @ar
200 1  @a河北人才发展报告@Ahe bei ren cai fa zhan bao gao@h2018~2019@dTalent development report of Hebei@h2018-2019@f康振海主编@zeng
210    @a北京@c社会科学文献出版社·城市和绿色发展分社@d2019
215    @a266页@d24cm
225 2  @a皮书系列@Api shu xi lie
300    @a河北蓝皮书 2019版
314    @a康振海,中共党员,哲学硕士学位。著有《艾思奇传》《恽代英传》等。
330    @a本书由总报告、产业篇、区域篇和政策篇四个部分组成,就河北人才发展过程中出现的社会各界高度关注的战略性新兴产业人才支撑、雄安新区人才机制构建、有效应对人才争夺战、人才政策创新等问题展开深入研究。
461  0 @12001 @a皮书系列
510 1  @aTalent development report of Hebei@h2018-2019@zeng
516 1  @a2019河北蓝皮书·人才
606 0  @a人才@Aren cai@x发展战略@x研究报告@y河北@z2018-2019
690    @aC964.2@v5
701  0 @a康振海@Akang zhen hai@4主编
801  0 @aCN@b百万庄@c20210925
905    @b1300231-34@dC964.2@e135@f4
    
    河北人才发展报告.2018~2019=Talent development report of Hebei.2018-2019/康振海主编.-北京:社会科学文献出版社·城市和绿色发展分社,2019
    266页;24cm.-(皮书系列)
    河北蓝皮书 2019版
    
    ISBN 978-7-5201-4243-4(精装):CNY128.00
    本书由总报告、产业篇、区域篇和政策篇四个部分组成,就河北人才发展过程中出现的社会各界高度关注的战略性新兴产业人才支撑、雄安新区人才机制构建、有效应对人才争夺战、人才政策创新等问题展开深入研究。
●
相关链接 在E读中查询图书 在五车中查询图书 在当当中查询图书 在豆瓣中查询图书


正题名:河北人才发展报告     索取号:C964.2/135         预约/预借

序号 登录号 条形码 馆藏地/架位号 状态 备注
1 1300231   213002310   第一样本阅览室/ [索取号:C964.2/135] 在馆    
2 1300232   213002329   第一借阅区/ [索取号:C964.2/135] 在馆    
3 1300233   213002338   第一借阅区/ [索取号:C964.2/135] 在馆    
4 1300234   213002347   第一借阅区/ [索取号:C964.2/135] 在馆    
唐山师范学院图书馆 欢迎您!
大连网信软件有限公司© 版权所有